000 00876nas a2200277 4500
001 BR8804088
003 BR-BrBNA
005 20231205091221.0
007 ta
008 230509b bl.|||p| |||| 00| 00por d
040 _aBR-BrBNA
_bpor
_cBiblioteca Nacional de Agricultura
041 _a(Pt)
072 _aM12
100 1 _aTakaki, G.M. de C.
100 1 _aPereira, E.C.
100 1 _aSilva, J.V. da
100 1 _aKoening, M.L.
245 1 _aObtencao de Agar em gracilaria sjoestedtii kylin por diferentes metodos
246 1 _aObtention of agar from Gracilaria sjoestedtii kylin by different methods
650 _aALGA
650 _aPOLISSACARIDEO
650 _aEXTRACAO
773 0 _tArquivos de Biologia e Tecnologia (Brazil)
_xISSN 0365-0979
_g(Sep 1987), v. 30(3) p. 525-532
_wBR8804088
909 _a202311
_bLúcia
_c55
_dLúcia Elande
942 _2AGRIS
_n0
_cANA
999 _c123621
_d123621